000 00692nam a2200181Ia 4500
008 100921s9999 xx 000 0 und d
082 _b20743
_a500 थ 56
100 _aटोळे मा.ग.
245 _aआईनस्टाइनचा मर्यादित सापेक्षतावाद.
260 _b---
_c1956
300 _a143
_b---
365 _b5
520 _aविज्ञान.
630 _aआईनस्टाइनचा मर्यादित सापेक्षतावाद.
650 _aविज्ञान.
730 _aआईनस्टाइनचा मर्यादित सापेक्षतावाद.
942 _cBOOK
999 _c769856
_d769853